| 000 | 00543nam a2200181 a 4500 | ||
|---|---|---|---|
| 001 | 000019588 | ||
| 005 | 20200929170052.0 | ||
| 008 | 100630s1935 uy r 000 p spa d | ||
| 040 |
_aDO-SdBNP _bspa _cBNPHU |
||
| 082 |
_aU861.09 _bS586v |
||
| 245 | 0 | 0 |
_aSilva de varios romances / _cprólogos Armando D. Pirotto. |
| 260 |
_aMontevideo : _bJerónimo Sureda, _c1935. |
||
| 300 |
_a198 p. ; _c19 cm. |
||
| 650 | 4 |
_aPoesía uruguaya _93846 |
|
| 650 | 4 |
_aLiteratura uruguaya _93054 |
|
| 700 | 1 |
_aD. Pirotto, Armando, _epról. _942010 |
|
| 049 | _aBNGR | ||
| 999 |
_c19104 _d19104 |
||